00707nam a2200157 a 4500003000200000005001700002008004100019050002900060100003000089245015900119260009000278300004000368504004100408650005800449650004200507020250509143841.0970101s19uu xx 00 eng d aPHS RJ 506.D4b.N35 2004 aNakasako, Sophie Janelle. aA Comparative study on the effects of depression among the male and female tenth grade students of International School Manila /cSophie Janelle Nakasako. aLas Piñas City, Philippines :bSouthville International School and Colleges,c2004. a24 pages :billustrations ;c28 cm. aIncludes bibliographical references. aDepression in adolescencezPhilippinesxCase studies. aStudentszPhilippinesxMental health.